| 000 | 00443nam a2200145Ia 4500 | ||
|---|---|---|---|
| 003 | OSt | ||
| 005 | 20260227113618.0 | ||
| 008 | 211028s2019 xx 000 0 und d | ||
| 040 | _cAIMIT LIBRARY | ||
| 041 | _aeng | ||
| 100 |
_aSushmitha B S; Achar, Sumitha. _g1716202 _98176 |
||
| 245 | _aStudy on assesment of quality of work life among the employees of Bajaj Electricals / | ||
| 260 |
_aMangalore _bJustine P James _c2019 |
||
| 942 |
_2ddc _cPRO |
||
| 999 |
_c219744 _d219744 |
||